Guess the lyrics (#52) - Statistics

General Stats
  • This quiz has been taken 129 times
  • The average score is 53 of 86
Answer Stats
Answer % Correct
I
97%
I
97%
I
97%
I
97%
I
97%
I
97%
you
92%
you
92%
you
92%
you
92%
you
92%
who
82%
do
81%
me,
80%
me,
80%
can
79%
to
79%
to
79%
to
79%
love
78%
love
78%
love?
78%
love
78%
love
78%
is
77%
is
77%
my
75%
my
75%
my
75%
my
75%
my
75%
my
75%
your
72%
am
70%
What
70%
what
70%
What
70%
for
68%
that
67%
that
67%
if
64%
if
64%
if
64%
of
64%
not
63%
not
63%
then
62%
Then
62%
know
61%
it's
60%
it's
60%
there
60%
can't
59%
by
55%
need
52%
need
52%
But
50%
But
50%
But
50%
say
49%
like
47%
I'll
46%
I'll
46%
give
44%
life
43%
any
42%
time
41%
without
41%
without
41%
day
40%
feel
38%
make
37%
make
37%
side?
35%
now
34%
try
30%
try
30%
Tell
28%
Tell
28%
best
27%
best
27%
everything
27%
everything
27%
everyone
17%
succeed
11%
succeed
11%
No matching quizzes found
Score Distribution
Percent of People with Each Score
Percentile by Number Answered
Your Score History
You have not taken this quiz